000 00442nam a2200145 i 4500
001 25869
003 ES-MaACL
007 t|
008 030103s1954 sp ||||1| spa d
100 1 _aArjona Colomo, Miguel.
_922891
245 1 0 _aDerecho Internacional Privado
_b: parte especial... /
_cMiguel Arjona Colomo.
260 _aBarcelona :
_bBosch,
_c[1954] (
_fClarasó)
300 _aXX, 619 p. ;
_c24 cm.
852 _aES-MaACL
_jC-8241
_bR.36304
999 _c25869
_d25869